[Event "Indywidualne Mistrzostwa Polski Juniorow - C16"]
[Site "Szczyrk"]
[Date "2013-03-17"]
[Round "1.1"]
[White "Kucza, Karol"]
[Black "Gajek, Radoslaw"]
[Result "1/2-1/2"]
[WhiteTitle "I+"]
[BlackTitle "k"]
[WhiteElo "1886"]
[BlackElo "2273"]

1. e4 c5 2. Nf3 d6 3. d4 cxd4 4. Nxd4 Nf6 5. Nc3 a6 6. Be3 e6 7. f3 b5 8. g4 h6
9. Qd2 Nbd7 10. O-O-O b4 11. Nce2 Qc7 12. h4 d5 13. Bh3 Qa5 14. Kb1 dxe4 15. g5
hxg5 16. hxg5 Nd5 17. fxe4 Nxe3 18. Qxe3 g6 19. Bxe6 Rxh1 20. Bxf7+ Kxf7 21. Qb3+
Ke8 22. Qe6+ Kd8 23. Rxh1 Kc7 24. Qc6+ Kb8 25. Rh7 Ra7 26. Qe6 Rc7 27. Nc6+ Rxc6
28. Qxc6 Qxg5 29. Rxd7 Bxd7 30. Qxd7 Bc5 31. Qe8+ Kb7 32. e5 Qe7 33. Qxg6 Qxe5
34. Qg2+ Kb6 35. Qg6+ Kb7 36. Qf7+ Kb6 37. Nc1 Qe1 38. Qf6+ Kb7 39. Qf3+ Kb6 40.
Qe2 Qg1 41. Qe6+ Kb7 42. Qe4+ Ka7 43. c3 bxc3 44. bxc3 Be3 45. Qc2 Bh6 46. Kb2
Bxc1+ 47. Qxc1 Qb6+ 48. Ka1 Qc5 49. Qd2 Kb6 50. Kb2 Qb5+ 51. Kc1 Qf1+ 52. Kc2
Qf5+ 53. Qd3 Qe6 54. Qd4+ Kb7 55. c4 Kc6 56. Kb3 Qf5 57. Kc3 Qa5+ 58. Kb3 Qf5
59. Kb2 Qe6 60. a3 Qe2+ 61. Kb3 Qf3+ 62. Ka4 Qf5 63. Kb4 Qf8+ 64. c5 a5+ 65. Kxa5
1/2-1/2

[Event "Indywidualne Mistrzostwa Polski Juniorow - C16"]
[Site "Szczyrk"]
[Date "2013-03-17"]
[Round "1.2"]
[White "Jarmula, Lukasz"]
[Black "Kowalski, Maciej"]
[Result "1-0"]
[WhiteTitle "k"]
[BlackTitle "I"]
[WhiteElo "2164"]
[BlackElo "1877"]

1. e4 e5 2. Nf3 Nc6 3. d4 exd4 4. Nxd4 Qh4 5. Nb5 Qxe4+ 6. Be2 Kd8 7. N1c3 Bb4
8. O-O Bxc3 9. bxc3 d6 10. Bf3 Qc4 11. Nxd6 cxd6 12. Qxd6+ Ke8 13. Bd5 Qxc3 14.
Bb2 Qxb2 15. Bxc6+ bxc6 16. Rfe1+ Be6 17. Qxc6+ Ke7 18. Qxa8 g6 19. Rab1 Qc3 20.
Red1 Kf6 21. Qf8 Kg5 22. Rd3 Nh6 23. Qe7+ Qf6 24. h4+ Kf5 25. Rb5+ Qe5 26. Qg5+
1-0

[Event "Indywidualne Mistrzostwa Polski Juniorow - C16"]
[Site "Szczyrk"]
[Date "2013-03-17"]
[Round "1.3"]
[White "Smieszek, Wojciech"]
[Black "Kaczmarek, Aleksander"]
[Result "0-1"]
[WhiteTitle "I"]
[BlackTitle "k"]
[WhiteElo "1873"]
[BlackElo "2132"]

1. e4 c6 2. d4 d5 3. Nc3 dxe4 4. Nxe4 Nd7 5. Ng5 Ngf6 6. Bd3 e6 7. N1f3 Bd6 8.
Qe2 h6 9. Ne4 Nxe4 10. Qxe4 Nf6 11. Qe2 b6 12. Ne5 Bb7 13. Bd2 Qc7 14. O-O-O O-O-O
15. Rhe1 Nd5 16. g3 Kb8 17. Nc4 Be7 18. Be4 Ka8 19. Kb1 Rhe8 20. Ne5 Bd6 21. c4
Nf6 22. Bf3 Re7 23. Nd3 Nd7 24. c5 bxc5 25. dxc5 Nxc5 26. Nxc5 Bxc5 27. Rc1 Qb6
28. Bc3 e5 29. Red1 Rde8 30. Rd2 e4 31. Bg4 e3 32. fxe3 Bxe3 33. Rd7 Bg5 34. Bd4
Rxe2 35. Bxb6 Bxc1 36. Bxe2 axb6 37. Kxc1 Rxe2 38. Rxf7 g5 39. h4 gxh4 40. gxh4
Re4 41. h5 Re5 0-1

[Event "Indywidualne Mistrzostwa Polski Juniorow - C16"]
[Site "Szczyrk"]
[Date "2013-03-17"]
[Round "1.4"]
[White "Ulanowski, Karol"]
[Black "Gierulski, Kamil"]
[Result "0-1"]
[WhiteTitle "I++"]
[BlackTitle "I"]
[WhiteElo "2118"]
[BlackElo "1856"]

1. e4 e5 2. Nf3 Nc6 3. d4 exd4 4. Nxd4 Nf6 5. Nxc6 bxc6 6. e5 Qe7 7. Qe2 Nd5 8.
c4 Ba6 9. Nd2 Nb6 10. Qe4 c5 11. a4 Rb8 12. a5 Nc8 13. b3 g6 14. Bb2 Bg7 15. O-O-O
O-O 16. f4 Bb7 17. Qe3 Re8 18. Re1 d5 19. cxd5 Bxd5 20. Bc4 c6 21. Ba3 Bf8 22.
h4 Qb7 23. h5 Nd6 24. a6 Qd7 25. hxg6 fxg6 26. Bb2 Bxc4 27. bxc4 Nf5 28. Qh3 Rxb2
29. Ne4 Bg7 30. Kxb2 Rb8+ 31. Kc1 Qf7 32. Nd2 Nd4 33. Qxh7+ Kf8 34. Qh3 Ke7 35.
Rhf1 Kd8 36. Qa3 Rb4 37. Qa5+ Kc8 38. Qa2 Qf5 39. Re3 Qg4 40. Ne4 Qe6 41. Rc3
Qg4 42. Rf2 Bf8 43. Re3 Qe6 44. Nd2 Qg4 45. Qa3 Qh4 46. g3 Qh1+ 47. Rf1 Qg2 48.
Qd3 Ra4 49. Rfe1 Ra2 50. e6 Be7 51. Re4 Rxd2 52. R4e2 Rxe2 0-1

[Event "Indywidualne Mistrzostwa Polski Juniorow - C16"]
[Site "Szczyrk"]
[Date "2013-03-17"]
[Round "1.5"]
[White "Nun, Grzegorz"]
[Black "Kulas, Szymon"]
[Result "1/2-1/2"]
[WhiteTitle "II+"]
[BlackTitle "I++"]
[WhiteElo "1851"]
[BlackElo "2088"]

1. e4 c5 2. Nf3 d6 3. d4 cxd4 4. Nxd4 Nf6 5. Nc3 Nc6 6. Be2 e5 7. Nb3 Be7 8. O-O
O-O 9. Be3 a5 10. a4 Nb4 11. f4 Bd7 12. Bf3 Bc6 13. Nc1 Qc7 14. Nd3 Rac8 15. Rf2
Rfd8 16. Nxb4 axb4 17. Nd5 Bxd5 18. exd5 e4 19. Bg4 Nxg4 20. Qxg4 Bf6 21. f5 Re8
22. Raf1 Qc4 23. Rd1 Kh8 24. Qh5 Rc7 25. b3 Qc3 26. Bb6 Rce7 27. Re2 Rc8 28. Qg4
Rce8 29. Qf4 Be5 30. Qe3 Rc8 31. Qxc3 Bxc3 32. Bd4 h6 33. g4 h5 34. h3 Kh7 35.
Kg2 Rec7 36. Bb6 Re7 37. Bd4 Rec7 38. Bb6 Re7 39. Bd4 Rec7 40. Bb6 Re7 1/2-1/2

[Event "Indywidualne Mistrzostwa Polski Juniorow - C16"]
[Site "Szczyrk"]
[Date "2013-03-17"]
[Round "1.6"]
[White "Snihur, Piotr"]
[Black "Buraczewski, Rafal"]
[Result "1-0"]
[WhiteTitle "I++"]
[BlackTitle "I"]
[WhiteElo "2085"]
[BlackElo "1825"]

1. e4 e6 2. d4 d5 3. e5 c5 4. c3 Nc6 5. Nf3 Bd7 6. a3 f6 7. Bd3 fxe5 8. dxe5 Qc7
9. Qe2 c4 10. Bc2 Nh6 11. O-O Nf7 12. Re1 O-O-O 13. Bf4 Be7 14. Bg3 g5 15. Nfd2
Rdg8 16. b3 cxb3 17. Nxb3 h5 18. h3 h4 19. Bh2 g4 20. hxg4 h3 21. N1d2 hxg2 22.
f3 Rxh2 23. Kxh2 Bh4 24. Kxg2 Bxe1 25. Rxe1 Ncxe5 26. Nd4 Qxc3 27. N2b3 Kb8 28.
Bh7 Nxf3 29. Bxg8 Nxe1+ 30. Kf1 Nf3 31. Qxf3 Qxf3+ 32. Nxf3 Nh6 33. Bh7 Nxg4 34.
Ke2 Kc7 35. Nc5 e5 36. Nxd7 Kxd7 37. Bf5+ Kd6 38. Bxg4 e4 39. Nd4 Kc5 40. Ke3
b5 41. Be2 a6 42. Nb3+ Kd6 43. Kd4 1-0

[Event "Indywidualne Mistrzostwa Polski Juniorow - C16"]
[Site "Szczyrk"]
[Date "2013-03-17"]
[Round "1.7"]
[White "Fronczak, Sebastian"]
[Black "Eggink, Ryszard"]
[Result "1/2-1/2"]
[WhiteTitle "II+"]
[BlackTitle "I++"]
[WhiteElo "1825"]
[BlackElo "2080"]

1. e4 c5 2. Nf3 d6 3. d4 cxd4 4. Nxd4 Nf6 5. f3 e5 6. Bb5+ Bd7 7. Bxd7+ Nbxd7 8.
Nf5 d5 9. exd5 Nb6 10. c4 Nxc4 11. Nc3 Qd7 12. Qd3 Rc8 13. O-O g6 14. Ng3 Bg7
15. b3 Nd6 16. Ba3 O-O 17. Nce4 Ndxe4 18. Bxf8 Rc3 19. Qd1 Nxg3 20. Bxg7 Nxf1
21. Bxf6 Ne3 22. Qd2 Nxd5 23. Bxe5 Re3 24. f4 Qe6 25. Rd1 f6 26. Qxd5 Qxd5 27.
Rxd5 fxe5 28. fxe5 Re2 29. a4 Rb2 30. Rd8+ Kf7 31. Rd7+ Ke6 32. Rxb7 a6 33. h3
Kxe5 34. Rb6 Kf5 35. Kh2 Kf4 36. b4 Rb3 37. a5 Kf5 38. Rxa6 Rxb4 39. Ra7 h5 40.
a6 Ra4 41. Ra8 Kg5 42. a7 h4 1/2-1/2

[Event "Indywidualne Mistrzostwa Polski Juniorow - C16"]
[Site "Szczyrk"]
[Date "2013-03-17"]
[Round "1.8"]
[White "Sliwicki, Damian"]
[Black "Zadlo, Maciej"]
[Result "0-1"]
[WhiteTitle "I"]
[BlackTitle "I"]
[WhiteElo "2028"]
[BlackElo "1821"]

1. e4 c6 2. d4 d5 3. exd5 cxd5 4. c4 Nf6 5. Nc3 e6 6. Nf3 Nc6 7. cxd5 Nxd5 8. Bd3
Be7 9. O-O Bf6 10. Be4 Nce7 11. Ne5 O-O 12. Qd3 h6 13. Rd1 b6 14. Qg3 Bxe5 15.
Qxe5 Bb7 16. Ne2 Qd7 17. Qg3 Kh8 18. b3 Rac8 19. Ba3 Rfd8 20. h3 Nf6 21. Bxb7
Qxb7 22. Qd3 Nf5 23. Bb2 Rd7 24. Rac1 Rcd8 25. Nf4 Nd5 26. Nxd5 Rxd5 27. Qe4 Qd7
28. Rd3 Nxd4 29. Kh1 e5 30. Rcd1 Qe6 31. Bxd4 exd4 32. Qh4 Kh7 33. Qf4 Qf6 34.
Qe4+ g6 35. Rf3 Rf5 36. Rxf5 gxf5 37. Qd3 Qe5 38. Qc4 Kg7 39. Rd3 f4 40. Qc2 Rd6
41. Qd2 Qe4 42. Rf3 Rg6 43. Qxf4 Qxf4 44. Rxf4 Rd6 45. Re4 d3 46. Re1 Rc6 47.
Rd1 Rc3 48. g4 Kf6 49. f4 Ke6 50. Kg2 Kd5 51. Kf3 Kd4 52. g5 hxg5 53. fxg5 Rc2
54. h4 Re2 55. h5 Kc3 56. g6 fxg6 57. hxg6 Kc2 58. g7 Re8 59. Rg1 d2 60. g8=Q
Rxg8 61. Rxg8 d1=Q+ 62. Ke4 Qe2+ 63. Kd4 Kb2 64. Rg7 a5 65. b4 Kxa2 66. Ra7 Qd2+
67. Kc4 Qxb4+ 0-1

[Event "Indywidualne Mistrzostwa Polski Juniorow - C16"]
[Site "Szczyrk"]
[Date "2013-03-17"]
[Round "1.9"]
[White "Drop, Szymon"]
[Black "Koitka, Jakub"]
[Result "0-1"]
[WhiteTitle "I"]
[BlackTitle "I+"]
[WhiteElo "1818"]
[BlackElo "2007"]

1. e4 c5 2. Nf3 Nc6 3. d4 cxd4 4. Nxd4 Nf6 5. Nc3 d6 6. Be2 g6 7. Nb3 Bg7 8. O-O
O-O 9. Bg5 Be6 10. f4 Qc8 11. Bf3 Rd8 12. Nd5 Bxd5 13. exd5 Na5 14. Nxa5 Qc5+
15. Kh1 Qxa5 16. Re1 Re8 17. c3 Rac8 18. Qd3 h6 19. Bh4 Qa4 20. g3 Qc4 21. Qxc4
Rxc4 22. Kg2 Kf8 23. Rad1 Nd7 24. Be2 Rc5 25. g4 a6 26. Bf2 Rc7 27. Bd3 Bf6 28.
Re2 g5 29. Be3 Kg7 30. Bf5 Nc5 31. fxg5 hxg5 32. Bxc5 Rxc5 33. Rd3 b5 34. a3 a5
35. Bd7 Rb8 36. Bf5 b4 37. axb4 axb4 38. cxb4 Rxb4 39. b3 Rc1 40. h3 Rb1 41. Ree3
Rb2+ 42. Kf1 Rb5 43. Bd7 Rc5 44. Re2 Rc1+ 45. Kf2 Rbb1 46. Ke3 Rh1 47. Ke4 Rbf1
48. Rde3 Rf4+ 49. Kd3 Rd4+ 50. Kc2 Rxd5 51. b4 Rd4 52. b5 Rb4 53. Rb3 Rc1+ 54.
Kxc1 Rxb3 55. Re4 d5 56. Ra4 d4 57. Kc2 Rc3+ 58. Kd2 Be5 59. Rb4 Bf4+ 60. Kd1
d3 0-1

[Event "Indywidualne Mistrzostwa Polski Juniorow - C16"]
[Site "Szczyrk"]
[Date "2013-03-17"]
[Round "1.10"]
[White "Piotrowski, Przemyslaw"]
[Black "Kindler, Przemyslaw"]
[Result "1-0"]
[WhiteTitle "I+"]
[BlackTitle "I"]
[WhiteElo "1996"]
[BlackElo "1817"]

1. e4 c5 2. Nf3 e6 3. d4 cxd4 4. Nxd4 a6 5. Bd3 Nc6 6. Be3 Nf6 7. f4 Qb6 8. c3
Nxd4 9. Bxd4 Bc5 10. Bxc5 Qxc5 11. Qe2 b5 12. Nd2 Bb7 13. e5 Nd5 14. Ne4 Qb6 15.
Nd6+ Ke7 16. O-O-O Bc6 17. Qh5 Qe3+ 18. Kb1 Nxf4 19. Qg5+ f6 20. Qxg7+ Kd8 21.
Qxh8+ Kc7 22. Qxh7 fxe5 23. Rhe1 Qf2 24. Ne4 Qxg2 25. Bc2 a5 26. Nc5 Rd8 27. Be4
Qf2 28. Bxc6 Qxc5 29. Rxd7+ 1-0

[Event "Indywidualne Mistrzostwa Polski Juniorow - C16"]
[Site "Szczyrk"]
[Date "2013-03-17"]
[Round "1.11"]
[White "Molenda, Marcin"]
[Black "Swiderski, Radoslaw"]
[Result "0-1"]
[WhiteTitle "I"]
[BlackTitle "I+"]
[WhiteElo "1813"]
[BlackElo "1964"]

1. e4 c5 2. c3 Nf6 3. e5 Nd5 4. Nf3 Nc6 5. Bc4 e6 6. O-O d6 7. d4 Be7 8. Nbd2 cxd4
9. cxd4 O-O 10. exd6 Qxd6 11. Ne4 Qc7 12. a3 Rd8 13. Ba2 b6 14. Re1 Bb7 15. Bd2
Qd7 16. Bc3 Rac8 17. Qb3 Nxc3 18. bxc3 Na5 19. Qc2 Qc7 20. Neg5 g6 21. Rxe6 Bxg5
22. Nxg5 fxe6 23. Nxe6 Qd6 24. Nxd8+ Bd5 25. Qa4 Qxd8 26. Bxd5+ Qxd5 27. Re1 Qc6
28. Qb4 Re8 29. Re7 Qd7 30. Rxe8+ Qxe8 31. h3 Qe1+ 32. Kh2 Qxf2 33. Qd6 Qf7 34.
Qb8+ Kg7 35. Qe5+ Kh6 36. Qe3+ g5 37. Kg1 Nc4 38. Qe4 Qf1+ 0-1

[Event "Indywidualne Mistrzostwa Polski Juniorow - C16"]
[Site "Szczyrk"]
[Date "2013-03-17"]
[Round "1.12"]
[White "Tomaszewski, Kacper"]
[Black "Szeglowski, Tomasz"]
[Result "1-0"]
[WhiteTitle "I++"]
[BlackTitle "I"]
[WhiteElo "1961"]
[BlackElo "1801"]

1. d4 d5 2. c4 g6 3. cxd5 Qxd5 4. Nc3 Qa5 5. Nf3 Nf6 6. e3 Bg7 7. Bd2 c6 8. Bc4
Qc7 9. Ne5 O-O 10. Qb3 e6 11. O-O Nbd7 12. Nf3 Nb6 13. Bd3 Rd8 14. Rac1 Qe7 15.
Ne2 Nfd7 16. Bb4 Qf6 17. Bd6 Bf8 18. Bc7 Re8 19. Ng3 Nd5 20. Ne4 Qg7 21. Bg3 f5
22. Nd6 Bxd6 23. Bxd6 N7f6 24. a4 g5 25. a5 a6 26. Nd2 Qh6 27. e4 Nf4 28. exf5
Nxd3 29. Qxd3 exf5 30. Qb3+ Nd5 31. Be5 Re7 32. Nc4 Be6 33. Qa3 Rd7 34. Rfe1 Rad8
35. Nb6 Nxb6 36. axb6 Kf7 37. Rc2 Qg6 38. Rce2 Re8 39. Qc3 h5 40. Bc7 Rd5 41.
Re5 Rxe5 42. dxe5 Bd5 43. Qc2 f4 44. Qxg6+ Kxg6 45. Ra1 Ra8 46. Ra4 Kf5 47. f3
Ke6 48. Kf2 Kd7 49. h4 Rf8 50. hxg5 Ke6 51. Bd6 Rf5 52. g6 c5 53. g7 Kf7 54. Bxc5
Kxg7 55. Bd6 Kf7 56. Ra3 Ke6 57. Rc3 Rf7 58. Rc8 Kf5 59. Rh8 Kg6 60. b4 Rh7 61.
Re8 Kf5 62. Rf8+ Kg5 63. Bc7 Rf7 64. Rd8 Be6 65. Rb8 Bd5 66. e6 Bxe6 67. Rxb7
Bd5 68. Ra7 Bc4 69. b7 1-0

[Event "Indywidualne Mistrzostwa Polski Juniorow - C16"]
[Site "Szczyrk"]
[Date "2013-03-17"]
[Round "1.13"]
[White "Gladysz, Jakub"]
[Black "Niekras, Dawid"]
[Result "1/2-1/2"]
[WhiteTitle "II+"]
[BlackTitle "I"]
[WhiteElo "1798"]
[BlackElo "1956"]

1. d4 d5 2. c4 e6 3. Nc3 Nf6 4. Bg5 Be7 5. Nf3 O-O 6. e3 Nbd7 7. Qc2 c5 8. cxd5
exd5 9. Bd3 h6 10. Bxf6 Nxf6 11. O-O Be6 12. dxc5 Bxc5 13. Rfd1 Rc8 14. Bf5 Qe7
15. Nd4 Rfd8 16. Nxe6 fxe6 17. Bh3 Rc6 18. Qe2 e5 19. g3 e4 20. Nb5 Nh7 21. Nd4
Bxd4 22. Rxd4 Ng5 23. Bg4 Nf7 24. Rad1 Rcd6 25. Qb5 Ne5 26. Be2 Qd7 27. Qxd7 R6xd7
28. Kg2 Kf7 29. Bb5 Rd6 30. b3 a6 31. Be2 Ke6 32. f3 exf3+ 33. Bxf3 Nxf3 34. Kxf3
Rc8 35. R1d2 Rc3 36. Ke2 Rcc6 37. Kf2 Ke5 38. Ke2 Ke6 39. Kf2 Ke5 40. Ke2 Ke6
41. Kf2 1/2-1/2

[Event "Indywidualne Mistrzostwa Polski Juniorow - C16"]
[Site "Szczyrk"]
[Date "2013-03-17"]
[Round "1.14"]
[White "Zebracki, Tomasz"]
[Black "Klimek, Piotr"]
[Result "1-0"]
[WhiteTitle "I"]
[BlackTitle "I"]
[WhiteElo "1951"]
[BlackElo "1789"]

1. e4 e6 2. d4 d5 3. exd5 exd5 4. Bd3 Nc6 5. Ne2 Qh4 6. Bf4 Nxd4 7. Bxc7 Qe7 8.
Nc3 Qxc7 9. Nxd4 Bb4 10. O-O Bxc3 11. Nb5 Qc5 12. Nxc3 Be6 13. Qf3 Ne7 14. Bb5+
Nc6 15. Rad1 O-O 16. Rfe1 Qb4 17. Bxc6 bxc6 18. Rb1 d4 19. a3 Qc4 20. Ne2 c5 21.
c3 Rad8 22. Nf4 Bf5 23. Rbc1 d3 24. Rcd1 d2 25. Re2 Bc2 26. Rdxd2 Qa2 27. Qe3
Rxd2 28. Qxd2 Qxb2 29. Nd3 Qa1+ 30. Re1 Qa2 31. Nc1 Qb1 32. Nd3 Qa2 33. Nxc5 Bb3
34. Qxa2 Bxa2 35. Re7 Rd8 36. f3 g6 37. Rxa7 Rd1+ 38. Kf2 Rc1 39. Ne4 Bd5 40.
Nf6+ 1-0

[Event "Indywidualne Mistrzostwa Polski Juniorow - C16"]
[Site "Szczyrk"]
[Date "2013-03-17"]
[Round "1.15"]
[White "Filewicz, Przemyslaw"]
[Black "Czerw, Dawid"]
[Result "1-0"]
[WhiteTitle "I"]
[BlackTitle "I+"]
[WhiteElo "1751"]
[BlackElo "1947"]

1. d4 d5 2. c4 c6 3. Nf3 Nf6 4. Nc3 dxc4 5. a4 Bf5 6. e3 e6 7. Bxc4 Bb4 8. O-O
O-O 9. Qe2 Nbd7 10. e4 Bg6 11. e5 Nd5 12. Nxd5 cxd5 13. Bd3 Bh5 14. Qe3 Be7 15.
Ne1 Bg6 16. f4 Nb8 17. Bd2 Nc6 18. f5 exf5 19. Bxf5 Bxf5 20. Rxf5 Qd7 21. Rf3
Rac8 22. Kh1 Qg4 23. Bc3 Qe6 24. Nd3 f5 25. Raf1 b6 26. Rg3 Kh8 27. Nf4 Qd7 28.
Qf3 Rcd8 29. Qh5 Qe8 30. Qh3 Kg8 31. Ne6 g6 32. Nxf8 Qxf8 33. Rxf5 Qg7 34. Rf1
Rf8 35. Qe6+ Kh8 36. Rxf8+ Qxf8 37. Rf3 Qe8 38. Qxd5 1-0

[Event "Indywidualne Mistrzostwa Polski Juniorow - C16"]
[Site "Szczyrk"]
[Date "2013-03-17"]
[Round "1.16"]
[White "Karwowski, Kacper"]
[Black "Maciejewski, Mikolaj"]
[Result "1-0"]
[WhiteTitle "I"]
[BlackTitle "II+"]
[WhiteElo "1946"]
[BlackElo "1733"]

1. e4 c5 2. Nf3 Nc6 3. d4 cxd4 4. Nxd4 Nf6 5. Nc3 e5 6. Ndb5 d6 7. Bg5 a6 8. Na3
b5 9. Nd5 Be7 10. Bxf6 Bxf6 11. c3 Bg5 12. Nc2 Ne7 13. h4 Bh6 14. Nce3 Bxe3 15.
Nxe3 Bb7 16. Qg4 g6 17. h5 Qd7 18. hxg6 Qxg4 19. Nxg4 fxg6 20. O-O-O O-O-O 21.
Nf6 Rhf8 22. Nxh7 Rxf2 23. Ng5 Kb8 24. Ne6 Re8 25. Re1 d5 26. exd5 Nxd5 27. Nc5
Nf4 28. Rh7 Bc8 29. Ne4 Nxg2 30. Rd1 Rxf1 31. Rxf1 Bf5 32. Nc5 Rd8 33. Nxa6+ Ka8
34. Nc7+ Kb8 35. Rd1 Rxd1+ 36. Kxd1 Ne3+ 37. Ke2 Nc4 38. b3 Nb2 39. Na6+ Kc8 40.
Nc5 e4 41. Nb7 Nd3 42. Nd6+ Kd8 43. Nxb5 Nc1+ 44. Kd2 Nxa2 45. Ra7 Bd7 46. Nd4
e3+ 47. Kc2 1-0

[Event "Indywidualne Mistrzostwa Polski Juniorow - C16"]
[Site "Szczyrk"]
[Date "2013-03-17"]
[Round "1.17"]
[White "Wisniewski, Szymon"]
[Black "Kowalczyk, Mariusz"]
[Result "0-1"]
[WhiteTitle "II+"]
[BlackTitle "I"]
[WhiteElo "1731"]
[BlackElo "1940"]

1. e4 e5 2. Nf3 Nc6 3. Bb5 f5 4. d3 fxe4 5. dxe4 Nf6 6. O-O Bc5 7. Bxc6 bxc6 8.
Nc3 d6 9. Bg5 O-O 10. Na4 Bb6 11. Qd3 Qe8 12. Nxb6 axb6 13. c4 Qh5 14. Bxf6 Rxf6
15. Nd2 Be6 16. h3 Raf8 17. g4 Rg6 18. f3 Qxh3 19. Kf2 Rxg4 20. Ke1 Rg2 21. Kd1
Qg3 22. Kc2 h5 23. Rad1 h4 24. Kb1 h3 25. Rh1 h2 26. Qe3 Bh3 27. Nf1 Qxf3 28.
Qxf3 Rxf3 29. Rxh2 Rxf1 0-1

[Event "Indywidualne Mistrzostwa Polski Juniorow - C16"]
[Site "Szczyrk"]
[Date "2013-03-17"]
[Round "1.18"]
[White "Chomczyk, Marek"]
[Black "Mrozowski, Patryk"]
[Result "1-0"]
[WhiteTitle "I+"]
[BlackTitle "I"]
[WhiteElo "1935"]
[BlackElo "1723"]

1. e4 c5 2. Nf3 e6 3. d4 cxd4 4. Nxd4 a6 5. Bd3 Qc7 6. O-O Nf6 7. Nc3 Nc6 8. Nxc6
bxc6 9. Qe2 d5 10. Bg5 d4 11. Nb1 h6 12. Bxf6 gxf6 13. Nd2 e5 14. Kh1 h5 15. h3
a5 16. c3 dxc3 17. bxc3 Be6 18. Bc4 Rd8 19. Rfd1 Bc5 20. Bxe6 fxe6 21. Nb3 Rxd1+
22. Rxd1 Bd6 23. Qa6 Ke7 24. Nxa5 Bc5 25. Rb1 1-0

[Event "Indywidualne Mistrzostwa Polski Juniorow - C16"]
[Site "Szczyrk"]
[Date "2013-03-17"]
[Round "1.19"]
[White "Rosicki, Marcin"]
[Black "Delekta, Filip"]
[Result "1/2-1/2"]
[WhiteTitle "I"]
[BlackTitle "I+"]
[WhiteElo "1722"]
[BlackElo "1934"]

1. e4 c5 2. Nf3 e6 3. d4 cxd4 4. Nxd4 Nc6 5. Nc3 Nf6 6. Be3 Bb4 7. Bd3 d5 8. Nxc6
bxc6 9. exd5 exd5 10. a3 Bd6 11. Bg5 O-O 12. O-O Bc7 13. Qf3 Qd6 14. Qg3 Qxg3
15. hxg3 Ng4 16. Bf4 Ne5 17. Bxe5 Bxe5 18. Rfe1 Bf6 19. Rab1 Bg4 20. Na4 Rfe8
21. b4 Rxe1+ 22. Rxe1 Kf8 23. Ba6 Re8 24. Kf1 Rxe1+ 25. Kxe1 Ke7 26. Kd2 Bg5+
27. f4 Bf6 28. c3 h5 29. Nc5 g5 30. c4 gxf4 31. gxf4 Bb2 32. a4 d4 33. b5 cxb5
34. axb5 Bf5 35. Bb7 Bc3+ 36. Ke2 Bb4 37. Ne4 h4 38. Kd3 Bc5 39. Kd2 Bd6 40. Kd3
Bc5 41. Kd2 1/2-1/2

[Event "Indywidualne Mistrzostwa Polski Juniorow - C16"]
[Site "Szczyrk"]
[Date "2013-03-17"]
[Round "1.20"]
[White "Czajkowski, Adam"]
[Black "Pawlowski, Maciej"]
[Result "1/2-1/2"]
[WhiteTitle "I+"]
[BlackTitle "I"]
[WhiteElo "1923"]
[BlackElo "1716"]

1. e4 c5 2. Nf3 Nc6 3. Bb5 e6 4. O-O Nge7 5. Re1 a6 6. Bf1 d5 7. Nc3 d4 8. Ne2
Ng6 9. g3 Be7 10. d3 O-O 11. Bg2 b5 12. Nd2 Qc7 13. f4 Rd8 14. h4 Bb7 15. h5 Nf8
16. h6 g6 17. Nf3 Nd7 18. Rf1 Nf6 19. Bh3 c4 20. f5 exf5 21. Bf4 Bd6 22. exf5
Nd5 23. fxg6 hxg6 24. h7+ Kxh7 25. Ng5+ Kg7 26. Bxd6 Rxd6 27. Rxf7+ Qxf7 28. Nxf7
Kxf7 29. Nf4 Ne3 30. Qf3 Rf6 31. Be6+ Rxe6 32. Nxe6+ Kxe6 33. c3 Na5 34. Qf4 Rh8
35. Qxd4 Rh1+ 36. Kf2 Rxa1 37. Qxe3+ Kd7 38. Qd4+ Kc7 39. Qe5+ Kc8 40. Qe8+ Kc7
41. Qe7+ Kc8 42. Qe8+ Kc7 43. Qxg6 Rxa2 44. Qg7+ Kb8 45. Qf8+ Ka7 46. Qc5+ Ka8
47. Ke3 cxd3 48. Qf8+ 1/2-1/2

[Event "Indywidualne Mistrzostwa Polski Juniorow - C16"]
[Site "Szczyrk"]
[Date "2013-03-17"]
[Round "1.21"]
[White "Madrawski, Krzysztof"]
[Black "Smal, Tobiasz"]
[Result "1-0"]
[WhiteTitle "II+"]
[BlackTitle "I"]
[WhiteElo "1711"]
[BlackElo "1915"]

1. e4 c5 2. Nf3 d6 3. d4 cxd4 4. Nxd4 Nf6 5. Nc3 a6 6. g3 e5 7. Nde2 Nbd7 8. Bg2
b5 9. h3 Bb7 10. g4 b4 11. Nd5 Nxd5 12. exd5 Be7 13. Ng3 g6 14. O-O O-O 15. Bh6
Re8 16. Qd2 a5 17. a3 Ba6 18. Rfd1 Qb6 19. axb4 axb4 20. Be3 Nc5 21. Ne4 Nxe4
22. Bxe4 Qc7 23. Qxb4 Reb8 24. Qa5 Qc8 25. Qc3 Qf8 26. Kh2 f5 27. gxf5 gxf5 28.
Bf3 Bf6 29. Rg1+ Kh8 30. Bg5 Bg7 31. Qd2 Rxb2 32. Be2 Bxe2 33. Qxe2 Rc8 34. Rac1
Rc5 35. Rgd1 Qc8 36. Rd2 Rc4 37. Qh5 Qd7 38. Ra1 Rb8 39. Bh6 e4 40. Rg1 Be5+ 41.
Kh1 Rbc8 42. Qg5 Rc3 43. Qh4 f4 44. Rg4 Ra8 45. Bxf4 Ra1+ 46. Kg2 Bg7 47. Bh6
Be5 48. Bf4 Bg7 49. Bh6 Be5 50. Bf4 Bg7 51. Re2 Rc4 52. Bh6 Be5 53. Rexe4 Rxe4
54. Rxe4 Ra8 55. Rg4 Qf7 56. c4 Rg8 57. Rxg8+ Qxg8+ 58. Qg5 Qg6 59. Qxg6 hxg6
60. f4 Bd4 61. Kf3 Kg8 62. Ke4 Bf6 63. Bg5 Bc3 64. f5 Kf7 65. fxg6+ Kxg6 66. Be7
Bb4 67. Kf4 Kf7 68. Bd8 Kg6 69. Kg4 Bc3 70. h4 Bd2 71. Bg5 Bc3 72. h5+ Kf7 73.
Kf5 Bg7 74. Bf4 Bf8 75. h6 Ke7 76. Kg6 Bxh6 77. Bxh6 Kd7 78. Kf7 Kc7 79. Ke7 1-0

[Event "Indywidualne Mistrzostwa Polski Juniorow - C16"]
[Site "Szczyrk"]
[Date "2013-03-17"]
[Round "1.22"]
[White "Siedlanowski, Lukasz"]
[Black "Mazur, Bartlomiej"]
[Result "1-0"]
[WhiteTitle "I"]
[BlackTitle "I"]
[WhiteElo "1900"]
[BlackElo "1674"]

1. e4 e6 2. d4 d5 3. Nd2 c5 4. exd5 Qxd5 5. Ngf3 cxd4 6. Bc4 Qd6 7. O-O Nf6 8.
Nb3 Nc6 9. Nbxd4 Nxd4 10. Qxd4 Qxd4 11. Nxd4 a6 12. Re1 Bc5 13. c3 h6 14. Bf4
O-O 15. Rad1 b5 16. Bb3 Bb7 17. Be5 Nd5 18. h4 Rfe8 19. Kh2 Rad8 20. f3 Bd6 21.
a4 Bxe5+ 22. Rxe5 b4 23. c4 Nc7 24. a5 Re7 25. Nc6 Bxc6 26. Rxd8+ Kh7 27. Rb8
Ne8 28. Rxb4 Kg6 29. Rb6 Bb7 30. Bc2+ f5 31. Rxf5 Nf6 32. Rg5+ Kf7 33. Bg6+ Kf8
34. Re5 Bc8 35. Rc5 Bd7 36. Rxa6 Ne8 37. Ra8 e5 38. Bxe8 Bxe8 39. Rcc8 Kf7 40.
Rxe8 1-0

[Event "Indywidualne Mistrzostwa Polski Juniorow - C16"]
[Site "Szczyrk"]
[Date "2013-03-17"]
[Round "1.23"]
[White "Kruszynski, Krzysztof"]
[Black "Mirski, Michal"]
[Result "0-1"]
[WhiteTitle "II"]
[BlackTitle "I"]
[WhiteElo "1664"]
[BlackElo "1895"]

1. d4 d5 2. c4 e6 3. Nf3 Be7 4. Nc3 Nf6 5. Bg5 O-O 6. e3 a6 7. c5 Nbd7 8. Bd3 c6
9. b4 b6 10. Bf4 a5 11. a3 Ba6 12. O-O Bxd3 13. Qxd3 Nh5 14. Qe2 Nxf4 15. exf4
Bf6 16. Ne5 Bxe5 17. fxe5 Qh4 18. f4 axb4 19. g3 Qe7 20. axb4 bxc5 21. bxc5 Nxc5
22. Qb2 Nd3 23. Qd2 Nb4 24. Rab1 c5 25. g4 Nc6 26. f5 f6 27. exf6 Rxf6 28. Rbe1
Qd6 29. Nb5 Qb8 30. Nc3 Nxd4 31. fxe6 Rxf1+ 32. Rxf1 Qe5 33. e7 Qxe7 34. Nxd5
Qe5 35. Nc3 Rd8 36. Qa2+ Kh8 37. Qf7 h6 38. Qf2 Qe6 39. h3 Qc4 40. Nd1 Qd3 41.
Qe3 Qc2 42. g5 Qg6 43. h4 Re8 44. Qh3 Ne2+ 45. Kg2 Qe4+ 46. Qf3 Qxh4 47. gxh6
gxh6 48. Qf6+ Qxf6 49. Rxf6 Kg7 50. Rc6 Nf4+ 51. Kg3 Nd3 52. Nc3 Re3+ 53. Kh2
h5 54. Nd5 Re5 55. Nc3 Kf7 56. Kg3 Nb4 57. Rc7+ Kg6 58. Kf3 Kf5 59. Ne4 Nd3 60.
Ng3+ Ke6 61. Rh7 c4 62. Nxh5 Kd5 63. Nf6+ Kd4 64. Rd7+ Kc3 65. Nd5+ Kd2 66. Nb4
Re3+ 67. Kg2 Re6 68. Nd5 Re5 69. Nb6 Re2+ 70. Kf1 Re1+ 71. Kg2 c3 72. Kf3 Kc2
73. Rh7 Kb3 74. Nd5 c2 75. Rb7+ Kc4 76. Nb6+ Kd4 77. Rd7+ Kc3 78. Nd5+ Kd2 0-1

[Event "Indywidualne Mistrzostwa Polski Juniorow - C16"]
[Site "Szczyrk"]
[Date "2013-03-17"]
[Round "1.24"]
[White "Lizak, Jakub"]
[Black "Krawiecki, Stanislaw"]
[Result "1-0"]
[WhiteTitle "I"]
[BlackTitle "II"]
[WhiteElo "1893"]
[BlackElo "1632"]

1. e4 e5 2. Nf3 Nc6 3. Bb5 f5 4. Nc3 fxe4 5. Nxe4 d5 6. Nxe5 dxe4 7. Nxc6 Qg5 8.
Qe2 Nf6 9. f4 Qxf4 10. Ne5+ c6 11. d4 Qh4+ 12. g3 Qh3 13. Bc4 Be6 14. Bf4 Be7
15. O-O-O O-O 16. Bg5 Bd5 17. g4 h6 18. Bxf6 Bxf6 19. Qxe4 Bxc4 20. Nxc4 Rae8
21. Ne5 Qh4 22. Kb1 Qg5 23. h4 Rxe5 24. dxe5 Qxe5 25. Qxe5 Bxe5 26. Rd7 Rf7 27.
Rhd1 Bg3 28. Rxf7 Kxf7 29. Rd7+ Kf6 30. g5+ hxg5 31. hxg5+ Kg6 32. Rxb7 a5 33.
Ra7 Bf4 34. Rxa5 Bxg5 35. Rxg5+ Kxg5 36. a4 Kf4 37. a5 g5 38. a6 g4 39. a7 g3
40. a8=Q g2 41. Qa7 1-0